Proceedings /
Guardado en:
| Autores Corporativos: | , |
|---|---|
| Formato: | Libro |
| Idioma: | English |
| Publicado: |
Los Alamitos, Calif. :
IEEE Computer Society Press,
c1993.
|
| Etiquetas: |
Agregar Etiqueta
Sin Etiquetas, Sea el primero en etiquetar este registro!
|
| LEADER | 01010nam a22002055a 4500 | ||
|---|---|---|---|
| 001 | MAT.inmabb006595 | ||
| 008 | 120803s1993####caua#####b####101#0#eng#d | ||
| 005 | 20160519151510.0 | ||
| 245 | 1 | 0 | |a Proceedings / |c 34th Annual Symposium on Foundations of Computer Science, November 3-5, 1993, Palo Alto, California ; sponsored by IEEE Computer Society Technical Committee on Mathematical Foundations of Computing. |
| 260 | |a Los Alamitos, Calif. : |b IEEE Computer Society Press, |c c1993. | ||
| 300 | |a xiii, 745 p. : |b il. ; |c 28 cm. | ||
| 504 | |a Incluye referencias bibliográficas e índice de autores. | ||
| 510 | 4 | |a MR, |c 95m:68008 | |
| 020 | |a 0818643706 | ||
| 022 | |a 0272-5428 | ||
| 111 | 2 | |a Annual symposium on foundations of computer science |n (34º : |d 1993 : |c Palo Alto, California) | |
| 710 | 2 | |a IEEE Computer Society. |b Technical Committee on Mathematical Foundations of Computing. | |
| 246 | 1 | 8 | |a 34th Symposium on Foundations of Computer Science |
| 084 | |a 68-06 |2 msc2000 | ||
| 859 | |h 68 |i An615-34 |p A-7243 |b BIB. MATEMATICA | ||
